| 000 | 00603nam a2200229Ia 4500 | ||
|---|---|---|---|
| 003 | OSt | ||
| 005 | 20230429120737.0 | ||
| 008 | 210423s2012 xx 000 0 und d | ||
| 020 | _a8121902983 | ||
| 040 | _cAL | ||
| 041 | _aeng | ||
| 082 |
_a338.954 _223 _bDATG |
||
| 100 |
_aDATT (Gaurav);MAHAJAN (Ashwani) _991463 |
||
| 245 | _aDatt and Sudharam Indian economy | ||
| 260 |
_bS Chand & Company Ltd _c2012 |
||
| 300 |
_axv,1033 _bPB |
||
| 365 |
_b650 _cINR |
||
| 650 |
_aEconomics _991464 |
||
| 650 |
_aIndian Economy _991465 |
||
| 906 | _aDatt ; economy ; Indian ; Sudharam | ||
| 942 |
_2ddc _cBK |
||
| 999 |
_c161334 _d161334 |
||